[Event "GER-chT Seniors 21st"]
[Site "Berlin"]
[Date "2012.09.15"]
[Round "6.48"]
[White "Glatthor, Thomas"]
[Black "Bedau, Ernst"]
[Result "1/2-1/2"]
[WhiteElo "1944"]
[BlackElo "1797"]
[PlyCount "54"]
[EventDate "2012.09.10"]
[EventType "team-swiss"]
[EventRounds "7"]
[EventCountry "GER"]
[SourceTitle "CBM 150 Extra"]
[Source "ChessBase"]
[SourceDate "2012.10.19"]
[SourceVersion "1"]
[SourceVersionDate "2012.10.19"]
[SourceQuality "1"]
[WhiteTeam "Berlin Seniors III"]
[BlackTeam "Rheinland Pfalz Seniors II"]
[WhiteTeamCountry "GER"]
[BlackTeamCountry "GER"]

1. Nf3 d5 2. g3 Nf6 3. Bg2 c5 4. d3 Nc6 5. c3 Bg4 6. h3 Bxf3 7. Bxf3 e6 8. 0-0 Be7 9. Nd2 Rc8 10. e4 dxe4 11. dxe4 0-0 12. Qe2 Ne5 13. Bg2 Qd3 14. Qxd3 Nxd3 15. b3 Nxc1 16. Raxc1 Rfd8 17. Rfd1 Rd7 18. e5 Nd5 19. c4 Nb4 20. Ne4 Rcd8 21. Rxd7 Rxd7 22. Kf1 Nd3 23. Rc2 Nxe5 24. f4 Nc6 25. Rd2 Rd4 26. Ke2 Kf8 27. Nc3 Rxd2+ 1/2-1/2